000
00318nam a2200157Ia 4500
008
210310s9999 xx 000 0 und d
020
_a
#N/A
100
_a
#N/A
_9
18116
245
0
_a
#N/A
260
_c
#N/A
300
_b
#N/A
440
_a
#N/A
_9
24232
500
_a
#N/A
505
_a
#N/A
650
_a
#N/A
_9
24233
999
_c
10973
_d
10973